Sunk by your own float (Record no. 62351)

MARC details
000 -LEADER
fixed length control field 00920cam a2200229 4500
001 - CONTROL NUMBER
control field ABS61750
008 - FIXED-LENGTH DATA ELEMENTS--GENERAL INFORMATION
fixed length control field 000000n2000 000 0 eng u
035 ## - SYSTEM CONTROL NUMBER
System control number (Sirsi) u103837
100 ## - MAIN ENTRY--PERSONAL NAME
Personal name Hammond, J.
245 ## - TITLE STATEMENT
Title Sunk by your own float
260 ## - PUBLICATION, DISTRIBUTION, ETC.
Date of publication, distribution, etc. 2000
490 ## - SERIES STATEMENT
Series statement Building
Volume/sequential designation 265(8119) 14 January 2000, 53(1)
520 ## - SUMMARY, ETC.
Summary, etc. Discusses the case of "Ascon Contracting v Alfred McAlpine Construction Isle of Man" which concerned the use of a float in the main-contract programme. In this case, Ascon claimed that it was entitled to the 5 week float within McAlpine's main contract programme and the judge agreed with them.
590 ## - LOCAL NOTE (RLIN)
Local note ABS
650 ## - SUBJECT ADDED ENTRY--TOPICAL TERM
Topical term or geographic name entry element ASCON CONTRACTING LTD V ALFRED MCALPINE CONSTRUCTION (ISLE OF MAN)
650 ## - SUBJECT ADDED ENTRY--TOPICAL TERM
Topical term or geographic name entry element FLOAT
650 ## - SUBJECT ADDED ENTRY--TOPICAL TERM
Topical term or geographic name entry element SUBCONTRACTORS
650 ## - SUBJECT ADDED ENTRY--TOPICAL TERM
Topical term or geographic name entry element LOSS OF EXPENSE
650 ## - SUBJECT ADDED ENTRY--TOPICAL TERM
Topical term or geographic name entry element EXTENSION OF TIME
690 ## - LOCAL SUBJECT ADDED ENTRY--TOPICAL TERM (OCLC, RLIN)
Topical term or geographic name as entry element BUILT ENVIRONMENT-BUILDING CONTRACT FORMS
942 ## - ADDED ENTRY ELEMENTS (KOHA)
Suppress in OPAC 0
Holdings
Withdrawn status Lost status Source of classification or shelving scheme Damaged status Not for loan Home library Current library Shelving location Date acquired Total Checkouts Full call number Barcode Date last seen Copy number Price effective from Koha item type
    Dewey Decimal Classification     London London Journal article 27/01/2000   ABS61750 103837-1001 06/08/2019 1 06/08/2019 Journal article